Scramble Λέξεων - Ζώα 🦞 - Statistics

General Stats
  • This quiz has been taken 299 times
  • The average score is 16 of 20
Answer Stats
Scramble Ζώα % Correct
αγτα Γάτα
98%
σκουλσ Σκύλος
94%
απιπα Πάπια
93%
λαποδαληρμηακ Καμηλοπάρδαλη
91%
οτκα Κότα
91%
ππγαααλσο Παπαγάλος
90%
βαζερ Ζέβρα
89%
ογολα Άλογο
89%
φιλεδνι Δελφίνι
89%
νωλεχα Χελώνα
89%
σκρουιοσ Σκίουρος
89%
ληκαμα Καμήλα
88%
αλφαναι Φάλαινα
84%
κικατσα Κατσίκα
77%
ιρολιατν Λιοντάρι
75%
καροκοσ Κόκορας
73%
βορατοπ Πρόβατο
70%
νγουυορι Γουρούνι
70%
οτεσα Αετός
39%
χρααιασκρ Καρχαρίας
35%
No matching quizzes found
Score Distribution
Percent of People with Each Score
Percentile by Number Answered
Your Score History
You have not taken this quiz